Vista normal Vista MARC

Entrada Materia (personas)

Número de registros utilizados en: 1

001 - CONTROL NUMBER

  • control field: 69393

003 - CONTROL NUMBER IDENTIFIER

  • control field: Co-BoUCM

005 - DATE AND TIME OF LATEST TRANSACTION

  • control field: 20150604095557.0

008 - FIXED-LENGTH DATA ELEMENTS

  • fixed length control field: 150604|| aca||aabn | a|a d

040 ## - CATALOGING SOURCE

  • Original cataloging agency: Co-BoUCM
  • Transcribing agency: Co-BoUCM

100 ## - HEADING--PERSONAL NAME

  • Personal name: Pi y Arsuaga, Francisco
  • Dates associated with a name: 1866-1912

670 ## - SOURCE DATA FOUND

  • Source citation: Work cat.: (Co-BoUCM)65969: Escriche, Joaquín 1784-1847 62205, Novísima edición del diccionario razonado de legislación y jurisprudencia, [fecha desconocida]